| 000 | 00567nam a2200193Ia 4500 | ||
|---|---|---|---|
| 003 | GCL | ||
| 008 | 140319s9999 xx 000 0 ara d | ||
| 040 |
_aGCL / _cGCL |
||
| 082 | 0 | 4 |
_a657.45 _bع ر |
| 100 | 1 | _aعبدالفتاح الصحن | |
| 245 | 1 | 0 |
_aالرقابة ومراجعة الحسابات / _cعبدالفتاح الصحن |
| 700 | 1 | _aاحمد انور | |
| 700 | 1 | _aعلى ابوالحسن | |
| 260 |
_a[S.N] : _bمؤسسة شباب الجامعة ، _c1989 |
||
| 300 | _a588 ص | ||
| 490 | _a | ||
| 650 | 0 | 4 | _aالمحاسبة |
| 942 |
_2ddc _cBK |
||
| 999 |
_c52561 _d52561 |
||